Hymns for the use of the Presbyterian congregation in Lisburn.

Bibliographic Details
Corporate Authors: Presbyterian Church in Ireland (Lisburn, Ireland), Gale (Firm)
Format: eBook
Language:English
Published: Belfast : Printed for the society, by Henry Joy Senr. and Junr, MDCCLXXXVII. [1787]
Subjects:
Online Access:Connect to the full text of this electronic book

MARC

Tag First Indicator Second Indicator Subfields
LEADER 00000cam a2200000 4500
001 in00003823021
005 20190415190006.0
006 m o d
007 cr |n||||||||n
008 891102s1787 ie |||| o 00||||eng c
035 |a (CU-RivES)T196096 
035 |a (Uk-ES)006290695 
035 |a (OCoLC)509592417 
040 |a Uk-ES  |c Uk-ES  |d CU-RivES  |d CStRLIN  |d Cengage Gale  |d UtOrBLW 
110 2 |a Presbyterian Church in Ireland (Lisburn, Ireland) 
245 1 0 |a Hymns for the use of the Presbyterian congregation in Lisburn. 
264 1 |a Belfast :  |b Printed for the society, by Henry Joy Senr. and Junr,  |c MDCCLXXXVII. [1787] 
300 |a 1 online resource (115, 1 unnumbered pages)  
336 |a text  |b txt  |2 rdacontent 
337 |a computer  |b c  |2 rdamedia 
338 |a online resource  |b cr  |2 rdacarrier 
510 4 |a English Short Title Catalog,  |c T196096. 
500 |a Reproduction of original from National Library of Scotland. 
500 |a Electronic resource. 
650 0 |a Hymns, English  |v Early works to 1800.  |0 http://id.loc.gov/authorities/subjects/sh2009126713 
655 7 |a Electronic books.  |2 local 
655 7 |a Hymns.  |2 rbgenr 
710 2 |a Gale (Firm)  |0 http://id.loc.gov/authorities/names/no2008071348 
752 |a Ireland  |d Belfast. 
856 4 0 |u http://proxy.library.tamu.edu/login?url=http://find.galegroup.com/ecco/infomark.do?contentSet=ECCOArticles&docType=ECCOArticles&bookId=1467600100&type=getFullCitation&tabID=T001&prodId=ECCO&docLevel=TEXT_GRAPHICS&version=1.0&source=library&userGroupName=txshracd2898  |z Connect to the full text of this electronic book  |t 0 
999 f f |s a4c636a0-46bb-3971-8643-3b99d40319e2  |i 4bf7cd70-dea4-3104-88d8-1a75d779916b  |t 0 
952 f f |a Texas A&M University  |b College Station  |c Electronic Resources  |d Available Online  |t 0  |h No information provided 
998 f f |t 0  |l Available Online